00777 2200205 4500001002100000005001500021035002000036008004100056245003200097100001700129250000600146260003800152300001200190084001400202082000800216650001000224520031300234990001200547990001200559INLIS00000000000082720240611074230 a0010-0524000062240611 1 ind 1 aCrazy Molazy /cLonyenk Rap aRap, Lonyenk a1 aYogyakarta :bSheila/ Andi,c2013 a174 hlm a813 LON c a813 4aFiksi aCrazIMOLazy adalah novel yang menyajikan kisah-kisah konyol yang mampu membuat pembacanya tertawa. Kisah seorang remaja bernama Reggaerimo Putra biasa dipanggil Imo yang baru saja lulus SMA dan mengira dirinya akan terbebas dengan segala macam penyiksaan berkedok aktivitas belajar yang ia jalani selama ini. a0741254 a0741255